Mac OS X version 10.2 Jaguar fast & easy (Record no. 65302)
[ view plain ]
| 000 -LEADER | |
|---|---|
| fixed length control field | 01178nam a2200313Ia 4500 |
| 100 1# - MAIN ENTRY--AUTHOR NAME | |
| Personal name | Bucki, Lisa. |
| 245 10 - TITLE STATEMENT | |
| Title | Mac OS X version 10.2 Jaguar fast & easy |
| 260 ## - PUBLICATION, DISTRIBUTION, ETC. (IMPRINT) | |
| Place of publication | Cincinatti, OH : |
| Name of publisher | Premier Press, |
| Year of publication | c2003. |
| 300 ## - PHYSICAL DESCRIPTION | |
| Number of Pages | xx, 460 p. : |
| Other physical details | ill. |
| 490 1# - SERIES STATEMENT | |
| Series statement | Fast & easy |
| 500 ## - GENERAL NOTE | |
| General note | Includes index. |
| 650 #0 - SUBJECT ADDED ENTRY--TOPICAL TERM | |
| Topical Term | Operating systems (Computers) |
| Topical Term | Macintosh (Computer) |
| 856 40 - ELECTRONIC LOCATION AND ACCESS | |
| Uniform Resource Identifier | http://site.ebrary.com/lib/rucke/Doc?id=10054310 |
No items available.
